00738 2200241 4500001002100000005001700021008004100038020001800079035002500097040001200122082001000134084001600144090001600160100002700176245011600203260005900319300002700378500002900405650002000434700001500454850001200469990001500481INLIS00000000001552820151104140243.0  a979-459-900-x a0010-111500000000141 aYOPDYOG a801.9 a801.9 Mut A a801.9 Mut A aMutiara, Putri Minerva aAnalisis struktur novel Indonesia modern modern 1930-1939c/ Putri Minerva Mutiara, Erli Yetti dan Yeni Mulyani aJakartabPusat Pembinaan dan Pengembangan Bahasac1998 avii, 183 hlm.;c21 cm. abibliografi: hlm 183-184 aAnalisis sastra aErli Yetti aYOPDYOG a32210-A/99